El Ateneo Obrero de Badalona
Descripción Física:
1 volum ; 31 cm
Idioma:
Español
MARC
| LEADER | 00000nas a2200000 a 4500 | ||
|---|---|---|---|
| 003 | Arxiu | ||
| 005 | 20260324181510.0 | ||
| 008 | 160829s18881936spcqrxp spa c | ||
| 040 | |a AGDB | ||
| 080 | |a Revistes | ||
| 245 | 0 | 3 | |a El Ateneo Obrero de Badalona |
| 260 | |a Badalona : |b Ateneo Obrero de Badalona, |c 1888-1936 | ||
| 300 | |a 1 volum ; |c 31 cm | ||
| 310 | |a Trimestral | ||
| 362 | |a 1888-1936 | ||
| 590 | |a Mensual. | ||
| 590 | |a Descripció basada en: Any 44, núm. 281 (febr. 1931). | ||
| 590 | |a Prové de 4173, exp. 177 | ||
| 610 | 2 | 0 | |9 56304 |a Ateneo Obrero de Badalona |
| 610 | 2 | 0 | |9 56305 |a Ateneo Obrero de Badalona |v Revistes |
| 710 | 2 | |9 56304 |a Ateneo Obrero de Badalona | |
| 752 | |a Catalunya |b Barcelona (Província) |c Barcelonès |d Badalona | ||
| 866 | |a Any 44, 1931 (281) | ||
| 901 | |a Arxiu | ||
| 942 | |n 1 |2 udc |c REV | ||
| 952 | |0 0 |1 0 |4 0 |6 REV2077 |7 1 |9 66193 |a Arxiu |b Arxiu |d 2023-04-26 |h Any XLIV, núm. 281 (febrer 1931) |l 0 |o Rev-2077 |p 27752 |r 2023-04-26 00:00:00 |w 2023-04-26 |y ARXIU | ||
| 999 | |c 57861 |d 57861 | ||